[Event "Amber Rapidplay"]
[Site "Monaco MNC"]
[Date "2002.03.21"]
[Round "5"]
[White "Topalov, Veselin"]
[Black "Leko, Peter"]
[Result "0-1"]
[WhiteElo "2739"]
[BlackElo "2713"]
[EventDate "2002.03.16"]

1.Cf3 c5 2.c4 Cf6 3.Cc3 e6 4.e4 Cc6 5.Fe2 d5 6.exd5 exd5 7.d4 Fe6 8.O-O 
dxc4 9.Fe3 cxd4 10.Cxd4 Cxd4 11.Fxd4 Fe7 12.Da4+ Dd7 13.Dxd7+ Cxd7 14.Fxg7
Tg8 15.Fd4 O-O-O 16.Tac1 Fh3 17.Ff3 Txg2+ 18.Rh1 Tg5 19.Tfe1 Fc5 20.Ce4 
Tf5 21.Txc4 Txf3 22.Fxc5 Cxc5 23.Cg5 Tf5 24.Cxh3 Rb8 25.Th4 Cd3 26.Te2 h5 
27.b3 Tg8 28.Td4 Tf3 29.Th4 Tf5 30.The4 a5 31.T4e3 Td5 32.Tg3 Tc8 33.Rg2 
f6 34.Tee3 Cb4 35.a4 Td4 36.Tef3 h4 37.Tg7 Cd5 38.Th7 Tc1 39.Tg7 Tb1 40.
Tg8+ Ra7 41.Tg7 Ra6 42.Tg8 Rb6 43.Tg7 Rc6 44.Tg8 Rc5 45.Tf5 Rb4 46.Tb8 b6 
47.Txd5 Txd5 48.Txb6+ Ra3 49.Txf6 Txb3 0-1

[Event "Amber Rapidplay"]
[Site "Monaco MNC"]
[Date "2002.03.22"]
[Round "6"]
[White "Shirov, Alexei"]
[Black "Topalov, Veselin"]
[Result "1/2-1/2"]
[WhiteElo "2715"]
[BlackElo "2739"]
[EventDate "2002.03.16"]

1.e4 e5 2.Cf3 Cc6 3.Fb5 a6 4.Fa4 Cf6 5.O-O b5 6.Fb3 Fc5 7.a4 Tb8 8.c3 d6 
9.d4 Fb6 10.axb5 axb5 11.Ca3 O-O 12.Cxb5 exd4 13.cxd4 Fg4 14.Fg5 Fxf3 15.
gxf3 Cxd4 16.Cxd4 Fxd4 17.Fxf7+ Txf7 18.Dxd4 Dd7 19.Ta3 Ch5 20.Tfa1 h6 21.
Fd2 Rh7 22.e5 dxe5 23.Dxd7 Txd7 24.Fc3 Tb5 25.h4 Cf4 26.Ta5 Ce2+ 27.Rg2 
Tdd5 28.Txb5 Txb5 29.Te1 Cxc3 30.bxc3 Tc5 31.h5 Rg8 32.Te4 Rf7 33.c4 g6 
34.f4 exf4 1/2-1/2

[Event "Amber Rapidplay"]
[Site "Monaco MNC"]
[Date "2002.03.23"]
[Round "7"]
[White "Topalov, Veselin"]
[Black "Ivanchuk, Vassily"]
[Result "1/2-1/2"]
[WhiteElo "2739"]
[BlackElo "2717"]
[EventDate "2002.03.16"]

1.e4 Cf6 2.e5 Cd5 3.d4 d6 4.Cf3 dxe5 5.Cxe5 g6 6.Fc4 c6 7.O-O Fg7 8.Fb3 
O-O 9.Te1 Fe6 10.c3 Cd7 11.Cf3 Fg4 12.Cbd2 e6 13.h3 Fxf3 14.Cxf3 a5 15.Fg5
Dc7 16.a4 Tfe8 17.Fh4 C7f6 18.Fg3 De7 19.Ce5 Ch5 20.Fh2 Fh6 21.Df3 Df6 22.
Dxf6 Chxf6 23.Cd3 Ff8 24.g4 Ted8 25.Rg2 Fd6 26.Fxd6 Txd6 27.f3 Tdd8 28.Rg3
Rg7 29.h4 Tac8 30.Tad1 Tc7 31.Cc5 b6 32.Cd3 1/2-1/2

[Event "Amber Rapidplay"]
[Site "Monaco MNC"]
[Date "2002.03.24"]
[Round "8"]
[White "Ljubojevic, Ljubomir"]
[Black "Topalov, Veselin"]
[Result "0-1"]
[WhiteElo "2548"]
[BlackElo "2739"]
[EventDate "2002.03.16"]

1.d4 Cf6 2.c4 e6 3.Cc3 c5 4.Cf3 cxd4 5.Cxd4 Cc6 6.Cdb5 d5 7.cxd5 Cxd5 8.e4
Cxc3 9.Dxd8+ Rxd8 10.Cxc3 Fc5 11.h4 Re7 12.Th3 Cb4 13.Tb1 Td8 14.Fc4 a6 
15.a3 Cc6 16.Fg5+ f6 17.Fe3 Fxe3 18.Txe3 b5 19.Fd5 Fb7 20.Fxc6 Fxc6 21.Td1
a5 22.Txd8 Txd8 23.Cb1 b4 24.axb4 axb4 25.Cd2 Fb5 26.Tb3 Td4 27.Te3 e5 28.
h5 Fe8 29.g4 Fa4 30.Tg3 Fc2 31.Te3 Rd6 32.Re2 Fa4 33.Tg3 h6 34.Te3 Rc5 35.
Re1 Td8 36.Tg3 Fc2 37.Re2 Ta8 38.Cb3+ Fxb3 39.Txb3 Ta2 40.Rd2 Rc4 41.Rc2 
Ta1 42.Te3 Tg1 43.f3 b3+ 44.Rd2 Tb1 45.Tc3+ Rb4 46.Tc7 Txb2+ 47.Rc1 Tf2 
48.Tb7+ Rc3 49.Tc7+ Rd3 50.Txg7 Txf3 51.Rb2 Rxe4 52.Tg6 f5 53.gxf5 Txf5 
54.Txh6 Rf3 55.Rxb3 e4 56.Rc4 e3 57.Te6 Txh5 58.Rd4 e2 59.Tf6+ Rg2 60.Tg6+
Rf2 61.Tf6+ Re1 62.Rc3 Tc5+ 63.Rd4 Tc8 64.Ta6 Rd2 65.Ta2+ Tc2 0-1

[Event "Amber Blindfold"]
[Site "Monaco MNC"]
[Date "2002.03.18"]
[Round "3"]
[White "Gelfand, Boris"]
[Black "Topalov, Veselin"]
[Result "1-0"]
[WhiteElo "2703"]
[BlackElo "2739"]
[EventDate "2002.03.16"]

1.Cf3 c5 2.c4 g6 3.d4 cxd4 4.Cxd4 Cc6 5.e4 Cf6 6.Cc3 d6 7.Fe2 Cxd4 8.Dxd4 
Fg7 9.O-O O-O 10.De3 Fe6 11.Fd2 Db6 12.b3 Dxe3 13.Fxe3 Tfc8 14.Tac1 Rf8 
15.f4 Fd7 16.Ff3 Fc6 17.e5 Ce8 18.Fxc6 Txc6 19.exd6 Cxd6 20.Tfd1 a6 21.Cd5
Td8 22.Cb4 Tcc8 23.Fb6 Te8 24.Cd5 Tc6 25.Fe3 h5 26.c5 Cf5 27.Ff2 Fh6 28.g3
e5 29.b4 exf4 30.gxf4 g5 31.fxg5 Fxg5 32.Tc3 Te2 33.a4 Tb2 34.Tf3 Ch4 35.
Th3 Cf5 36.Txh5 Tg6 37.Rf1 Ce7 38.Th8+ Cg8 39.c6 Txc6 40.Fc5+ Txc5 41.bxc5
Tb3 42.Rg2 Tb2+ 43.Rh1 Rg7 44.Txg8+ Rxg8 45.Tg1 f6 46.h4 Rf7 47.hxg5 fxg5 
48.Txg5 Tc2 49.Cb6 Re6 50.Rg1 Te2 51.Tg7 Tc2 52.Tc7 Rf5 53.Cc8 1-0

[Event "Amber Blindfold"]
[Site "Monaco MNC"]
[Date "2002.03.19"]
[Round "4"]
[White "Topalov, Veselin"]
[Black "Almasi, Zoltan"]
[Result "1/2-1/2"]
[WhiteElo "2739"]
[BlackElo "2644"]
[EventDate "2002.03.16"]

1.d4 Cf6 2.c4 e6 3.Cc3 Fb4 4.Cf3 b6 5.Fg5 Fb7 6.Cd2 h6 7.Fh4 Fxc3 8.bxc3 
d6 9.f3 Cbd7 10.e4 e5 11.Da4 O-O 12.Fe2 De8 13.g4 Ch7 14.O-O-O a6 15.Cf1 
b5 16.Dc2 Cb6 17.Ce3 bxc4 18.Cxc4 Fc6 19.Cxb6 cxb6 20.Db2 d5 21.dxe5 Dxe5 
22.Fg3 De6 23.e5 Fb5 24.f4 Fxe2 25.Dxe2 Tfc8 26.Rb2 Tc4 27.Df3 Tac8 28.f5 
De8 29.Dxd5 Cg5 30.Dd7 Dxd7 31.Txd7 Txg4 32.Td4 Te4 33.Thd1 Te2+ 34.T1d2 
Txd2+ 35.Txd2 Ce4 36.Td4 Cxc3 37.Fe1 Cb5 38.Te4 Te8 39.Ff2 g6 40.fxg6 fxg6
41.Rc2 Te6 42.a4 Cc7 43.Rd3 Tc6 44.Td4 Rf7 1/2-1/2

[Event "Amber Blindfold"]
[Site "Monaco MNC"]
[Date "2002.03.21"]
[Round "5"]
[White "Leko, Peter"]
[Black "Topalov, Veselin"]
[Result "1-0"]
[WhiteElo "2713"]
[BlackElo "2739"]
[EventDate "2002.03.16"]

1.e4 c5 2.Cf3 Cc6 3.d4 cxd4 4.Cxd4 Cf6 5.Cc3 e5 6.Cdb5 d6 7.Fg5 a6 8.Ca3 
b5 9.Cd5 Fe7 10.Fxf6 Fxf6 11.c3 Fg5 12.Cc2 O-O 13.a4 bxa4 14.Txa4 a5 15.
Fc4 Tb8 16.b3 Rh8 17.O-O f5 18.exf5 Fxf5 19.Cce3 Fg6 20.Fd3 Ff7 21.Fe4 Fg8
22.Ta3 Ca7 23.Dd3 Fxe3 24.Dxe3 Cb5 25.Ta4 Cc7 26.Cxc7 Dxc7 27.c4 Tb6 28.
Fc2 d5 29.Txa5 dxc4 30.bxc4 Tc6 31.Dxe5 Txc4 32.Dxc7 Txc7 33.Fe4 h6 34.f3 
Fh7 35.Ta8 Txa8 36.Fxa8 Tc8 37.Ta1 Td8 38.Rf2 Fg6 39.Fe4 Fxe4 40.fxe4 Td2+
41.Rf3 Rg8 42.h4 Rf7 43.h5 Tb2 44.Ta6 Tb1 45.g4 Tf1+ 46.Re3 Tg1 47.Rf4 Tb1
48.Ta7+ Rf8 49.e5 Tb6 50.Rf5 Tc6 51.Td7 Ta6 52.g5 hxg5 53.e6 g4 54.h6 gxh6
55.Rf6 Rg8 56.Tg7+ Rh8 57.Txg4 Rh7 58.Tg7+ Rh8 59.Td7 Rg8 60.Td8+ Rh7 61.
Rf7 Ta7+ 62.e7 h5 63.Rf6 Txe7 64.Rxe7 1-0

[Event "Amber Blindfold"]
[Site "Monaco MNC"]
[Date "2002.03.22"]
[Round "6"]
[White "Topalov, Veselin"]
[Black "Shirov, Alexei"]
[Result "1/2-1/2"]
[WhiteElo "2739"]
[BlackElo "2715"]
[EventDate "2002.03.16"]

1.e4 c5 2.Cf3 Cc6 3.Fb5 e6 4.Fxc6 bxc6 5.d3 Ce7 6.De2 Cg6 7.h4 h5 8.e5 f6 
9.De4 Rf7 10.Ca3 d5 11.exd6 Dxd6 12.Cc4 Dd5 13.Ce3 Dxe4 14.dxe4 e5 15.g3 
Fe6 16.Cd2 Ce7 17.b3 Cc8 18.Fb2 Cd6 19.f4 exf4 20.gxf4 g6 21.O-O-O Fh6 22.
Thf1 The8 23.e5 fxe5 24.Fxe5 Tad8 25.Cf3 Cf5 26.Cxf5 Fxf5 27.Txd8 Txd8 28.
Te1 Fg4 29.Cg5+ Fxg5 30.fxg5 Ff5 31.Ff6 Te8 32.Txe8 Rxe8 33.c4 Rd7 34.Rb2 
a6 35.Fg7 Rc7 36.Ff8 Rb6 37.Fe7 Fe4 38.Fd8+ Rb7 39.a4 1/2-1/2

[Event "Amber Blindfold"]
[Site "Monaco MNC"]
[Date "2002.03.23"]
[Round "7"]
[White "Ivanchuk, Vassily"]
[Black "Topalov, Veselin"]
[Result "1/2-1/2"]
[WhiteElo "2717"]
[BlackElo "2739"]
[EventDate "2002.03.16"]

1.Cf3 d5 2.c4 e6 3.b3 Fe7 4.Fb2 Ff6 5.Cc3 c5 6.cxd5 exd5 7.d4 cxd4 8.Cxd4 
Ce7 9.e3 O-O 10.Fd3 Fxd4 11.exd4 Ff5 12.Fe2 Cbc6 13.O-O Te8 14.Dd2 Dd6 15.
Cb5 Dd7 16.Fa3 Fe6 17.Df4 Cg6 18.Dg3 Ted8 19.Tfd1 Cce7 20.Tac1 Cf5 21.Dc7 
a6 22.Dxd7 Fxd7 23.Cc3 Cf4 24.Ff1 Fc6 25.Fc5 Ce6 26.Fb6 Td7 27.g3 Cd6 28.
Fg2 Cb5 29.Ca4 Cbc7 30.Cb2 a5 31.Cd3 f6 32.Te1 Rf7 33.Fh3 Te7 34.Cc5 Cxc5 
35.Txe7+ Rxe7 36.Fxc5+ Rf7 37.Te1 Ca6 38.Te7+ Rg6 39.Ff1 Cxc5 40.dxc5 f5 
41.f4 Rf6 42.Te5 b6 43.cxb6 Tb8 44.Fg2 Txb6 45.Fxd5 Fxd5 46.Txd5 a4 47.Td3
axb3 48.axb3 h6 49.Rf2 g5 50.Re3 Tb4 51.fxg5+ hxg5 52.Rd2 f4 53.Rc3 Tb8 
54.b4 Rf5 55.gxf4 gxf4 56.Rc4 Tc8+ 57.Rd4 Td8+ 58.Rc3 Th8 59.Rd2 Txh2+ 60.
Re1 Tb2 61.Rf1 1/2-1/2

[Event "Amber Blindfold"]
[Site "Monaco MNC"]
[Date "2002.03.24"]
[Round "8"]
[White "Topalov, Veselin"]
[Black "Ljubojevic, Ljubomir"]
[Result "1-0"]
[WhiteElo "2739"]
[BlackElo "2548"]
[EventDate "2002.03.16"]

1.d4 Cf6 2.c4 e6 3.Cf3 b6 4.g3 Fa6 5.Db3 c6 6.Ff4 Fe7 7.Cc3 d5 8.cxd5 Cxd5
9.Fg2 Cxf4 10.gxf4 O-O 11.Tc1 Fb7 12.O-O Cd7 13.Tfd1 Db8 14.e3 c5 15.d5 e5
16.d6 Fxd6 17.Cb5 c4 18.Dc2 e4 19.Cg5 Fe7 20.Txd7 Fxg5 21.fxg5 Fc6 22.Td4 
Fxb5 23.Fxe4 g6 24.a4 Fa6 25.Fxa8 Dxa8 26.De4 Fb7 27.Df4 Fd5 28.Tcd1 Fe6 
29.e4 Dc8 30.Df6 Fh3 31.f3 Dc5 32.Rh1 c3 33.bxc3 Dxc3 34.Td8 Dxf3+ 35.Dxf3
1-0

[Event "Amber Rapidplay"]
[Site "Monaco MNC"]
[Date "2002.03.26"]
[Round "9"]
[White "Topalov, Veselin"]
[Black "Van Wely, Loek"]
[Result "1/2-1/2"]
[WhiteElo "2739"]
[BlackElo "2697"]
[EventDate "2002.03.16"]

1.e4 c5 2.Cf3 d6 3.Fb5+ Fd7 4.Fxd7+ Dxd7 5.c4 Cc6 6.Cc3 g6 7.d4 cxd4 8.
Cxd4 Fg7 9.Cde2 Cf6 10.f3 O-O 11.O-O e6 12.Fg5 h6 13.Fh4 Tfd8 14.f4 a6 15.
a4 Dc7 16.Rh1 Da5 17.b3 Tac8 18.De1 Te8 19.Tb1 Cd7 20.Dg3 Cd4 21.Cxd4 Fxd4
22.Ce2 Fg7 23.Df3 b5 24.Fe1 Dc7 25.axb5 axb5 26.Cc3 bxc4 27.Cb5 Db6 28.
bxc4 Da6 29.Fb4 Ff8 30.Tfc1 Tc6 31.h3 Tec8 32.Td1 Txc4 33.Fxd6 Cf6 34.Fxf8
Txf8 35.Cd6 Tc2 36.Dd3 1/2-1/2

[Event "Amber Rapidplay"]
[Site "Monaco MNC"]
[Date "2002.03.27"]
[Round "10"]
[White "Piket, Jeroen"]
[Black "Topalov, Veselin"]
[Result "0-1"]
[WhiteElo "2659"]
[BlackElo "2739"]
[EventDate "2002.03.16"]

1.d4 d5 2.c4 dxc4 3.Cf3 e6 4.e3 Cf6 5.Fxc4 c5 6.O-O a6 7.dxc5 Fxc5 8.Dxd8+
Rxd8 9.Fe2 Re7 10.Cbd2 Fd7 11.a3 Fa7 12.b3 Td8 13.Fb2 Fc6 14.Tfc1 Cbd7 15.
a4 Fd5 16.Fc4 Fxf3 17.Cxf3 Fc5 18.Fe2 Tac8 19.Cd4 Fd6 20.Ff3 Txc1+ 21.Txc1
Tb8 22.Rf1 g6 23.Fe2 Ce4 24.Fd1 Cec5 25.Re2 e5 26.Cf3 e4 27.Ce1 b5 28.axb5
Txb5 29.Fd4 f5 30.Ta1 a5 31.f4 Cf6 32.h3 Cd5 33.g4 Ce6 34.Fb2 Fb4 35.Cg2 
Cc3+ 36.Fxc3 Fxc3 37.Tc1 Tc5 38.gxf5 gxf5 39.Rf1 Ff6 40.Tb1 Tb5 41.Fe2 Tb4
42.Ce1 a4 43.Fc4 a3 44.Cc2 a2 45.Ta1 Txc4 46.bxc4 Fxa1 47.Cxa1 Rd6 0-1

[Event "Amber Rapidplay"]
[Site "Monaco MNC"]
[Date "2002.03.28"]
[Round "11"]
[White "Topalov, Veselin"]
[Black "Bareev, Evgeny"]
[Result "1-0"]
[WhiteElo "2739"]
[BlackElo "2707"]
[EventDate "2002.03.16"]

1.e4 e6 2.d4 d5 3.Cc3 Cf6 4.Fg5 dxe4 5.Cxe4 Cbd7 6.Cf3 h6 7.Cxf6+ Cxf6 8.
Fxf6 Dxf6 9.Fb5+ c6 10.Fd3 Fd7 11.De2 c5 12.O-O-O O-O-O 13.Fe4 Rb8 14.Ce5 
cxd4 15.Fxb7 Df4+ 16.Rb1 Rxb7 17.g3 Df5 18.Txd4 Fc5 19.Tf4 Dg5 20.h4 1-0

[Event "Amber Blindfold"]
[Site "Monaco MNC"]
[Date "2002.03.26"]
[Round "9"]
[White "Van Wely, Loek"]
[Black "Topalov, Veselin"]
[Result "0-1"]
[WhiteElo "2697"]
[BlackElo "2739"]
[EventDate "2002.03.16"]

1.d4 Cf6 2.c4 e6 3.Cf3 d5 4.Cc3 Fe7 5.Ff4 O-O 6.e3 Cbd7 7.c5 c6 8.Fd3 b6 
9.b4 a5 10.a3 Fa6 11.O-O Dc8 12.h3 Db7 13.Dc2 Fxd3 14.Dxd3 h6 15.Cd2 Tfc8 
16.Tfc1 Fd8 17.Tab1 axb4 18.axb4 Fc7 19.Fxc7 Dxc7 20.Dc2 bxc5 21.bxc5 e5 
22.Tb4 exd4 23.exd4 Cf8 24.Tcb1 Ce6 25.Cf3 Df4 26.Ce2 De4 27.Dxe4 Cxe4 28.
Cg3 Cc3 29.T1b3 Cb5 30.Cf5 Tc7 31.Cd6 Cxd6 32.cxd6 Td7 33.Tb8+ Txb8 34.
Txb8+ Td8 35.Txd8+ Cxd8 36.Ce5 f6 37.Cd3 Rf7 38.Cc5 Re8 39.f4 g6 40.Rf2 
Cf7 41.d7+ Re7 42.g4 g5 43.Re3 Cd6 44.f5 Cc4+ 45.Rd3 Cb6 46.Rc3 Cxd7 47.
Ce6 Cf8 48.Cc5 Cd7 49.Ce6 Rd6 50.Rb4 Cb6 51.Cd8 Cc4 52.Cf7+ Re7 53.Cxh6 
Rf8 54.Rc5 Rg7 55.Rxc6 Ce3 56.Rd6 Rxh6 57.Re7 Rg7 58.Re6 Cc2 59.Rxd5 Rf7 
60.Rc5 Re7 61.Rd5 Rd7 62.Re4 Rd6 63.Rd3 Ce1+ 64.Re2 Cg2 65.Rf3 Ch4+ 66.Re4
Rc6 67.Rd3 Rd5 68.Re3 Cg2+ 69.Rf3 Ce1+ 70.Rg3 Rxd4 71.h4 gxh4+ 72.Rxh4 
Cf3+ 73.Rh5 Re5 74.Rg6 Cg5 75.Rg7 Ce4 76.Rg6 Rf4 0-1

[Event "Amber Blindfold"]
[Site "Monaco MNC"]
[Date "2002.03.27"]
[Round "10"]
[White "Topalov, Veselin"]
[Black "Piket, Jeroen"]
[Result "0-1"]
[WhiteElo "2739"]
[BlackElo "2659"]
[EventDate "2002.03.16"]

1.c4 g6 2.d4 Fg7 3.e4 d6 4.Cf3 e5 5.Cc3 Fg4 6.d5 a5 7.Fe2 Ca6 8.O-O Fxf3 
9.Fxf3 Rf8 10.a3 h5 11.Tb1 Fh6 12.b4 Cf6 13.Fxh6+ Txh6 14.Ca4 axb4 15.axb4
Rg7 16.c5 Th8 17.c6 bxc6 18.dxc6 De7 19.b5 Cc5 20.Cxc5 dxc5 21.Dc2 Thd8 
22.Tfc1 Td6 23.h4 Ta3 24.Tb3 Txb3 25.Dxb3 Td4 26.b6 Tb4 27.bxc7 Dxc7 28.
Dc3 Cxe4 29.Fxe4 Txe4 30.Dxc5 Txh4 31.Td1 Ta4 32.g3 Ta5 33.Dc4 Ta7 34.Td7 
Dxd7 35.cxd7 Txd7 36.Dc5 f6 37.Dc6 Ta7 38.De6 Tf7 39.f4 exf4 40.gxf4 Ta7 
41.f5 gxf5 42.Dxf5 Te7 43.Dxh5 Te5 44.Dh4 Tg5+ 45.Rf2 Te5 46.Rf3 Tf5+ 47.
Re4 Te5+ 48.Rf4 Tg5 49.Dh3 Te5 50.Dc8 Tg5 51.Dd7+ Rg6 52.De8+ Rg7 53.De7+ 
Rg6 54.Df8 Tf5+ 55.Re4 Te5+ 56.Rd4 Tg5 57.Dg8+ Rh6 58.Df7 Tf5 59.Re4 Te5+ 
60.Rd4 Tf5 61.Df8+ Rg6 62.Dg8+ Rh6 63.Df7 Tf4+ 64.Rd5 Tf5+ 65.Rd6 Tg5 66.
Dg7+ Txg7 0-1

[Event "Amber Blindfold"]
[Site "Monaco MNC"]
[Date "2002.03.28"]
[Round "11"]
[White "Bareev, Evgeny"]
[Black "Topalov, Veselin"]
[Result "1/2-1/2"]
[WhiteElo "2707"]
[BlackElo "2739"]
[EventDate "2002.03.16"]

1.c4 e5 2.g3 Cf6 3.Fg2 d5 4.cxd5 Cxd5 5.Cc3 Cb6 6.Cf3 Cc6 7.O-O Fe7 8.b3 
O-O 9.Fb2 Fg4 10.Tc1 Dd7 11.d3 Tad8 12.Ce4 f6 13.Dc2 Rh8 14.a3 a5 15.Tfd1 
De6 16.Te1 Df7 17.Cfd2 Cd7 18.Dc4 Fe6 19.Db5 f5 20.Dxb7 fxe4 21.Dxc6 Fd5 
22.Dxc7 Fg5 23.Cxe4 Fxc1 24.Dxc1 Fxe4 25.Fxe4 Dxf2+ 26.Rh1 Cc5 27.Fxe5 
Cxe4 28.dxe4 Tfe8 29.Tf1 Dxe2 30.Fxg7+ Rxg7 1/2-1/2

[Event "FIDE GP"]
[Site "Dubai UAE"]
[Date "2002.04.03"]
[Round "1.1"]
[White "Topalov, Veselin"]
[Black "Karjakin, Sergey"]
[Result "1-0"]
[WhiteElo "2739"]
[BlackElo "2460"]
[EventDate "2002.04.03"]

1.e4 c5 2.Cf3 d6 3.Fb5+ Cd7 4.d4 Cf6 5.Cc3 a6 6.Fxd7+ Cxd7 7.O-O e6 8.Fg5 
Dc7 9.d5 e5 10.a4 h6 11.Fh4 g6 12.Cd2 Fg7 13.Cc4 Cb6 14.Ce3 O-O 15.a5 Cd7 
16.Dd3 b5 17.axb6 Cxb6 18.g4 a5 19.Cb5 Dd7 20.c4 a4 21.b3 axb3 22.Txa8 
Cxa8 23.Ta1 Fb7 24.Dxb3 Tb8 25.Cc3 Cc7 26.Db6 Ta8 27.Txa8+ Cxa8 28.Dd8+ 
Dxd8 29.Fxd8 Ff8 30.h4 Rg7 31.Cb5 Fc8 32.f3 f6 33.h5 g5 34.Rf2 Rf7 35.Re2 
Fe7 36.Fa5 Re8 37.Ca7 Fd7 38.Cc6 Fc8 39.Rd3 Ff8 40.Rc3 Rd7 41.Cb8+ Re8 42.
Rb3 Fe7 43.Cc6 Ff8 44.Ra4 Fa6 45.Cb8 Fb7 46.Rb5 Re7 47.Cc6+ Re8 48.Cd8 Fc8
49.Cf5 Fe7 50.Ce6 Fd7+ 51.Ra6 Fxe6 52.Cg7+ Rd7 53.Cxe6 Rc8 54.Ra7 1-0

[Event "FIDE GP"]
[Site "Dubai UAE"]
[Date "2002.04.03"]
[Round "1.2"]
[White "Karjakin, Sergey"]
[Black "Topalov, Veselin"]
[Result "0-1"]
[WhiteElo "2460"]
[BlackElo "2739"]
[EventDate "2002.04.03"]

1.e4 c5 2.Cf3 Cc6 3.Fb5 d6 4.d4 cxd4 5.Dxd4 Fd7 6.Fxc6 Fxc6 7.Cc3 Cf6 8.
Fg5 e6 9.O-O-O Fe7 10.The1 O-O 11.Dd2 h6 12.Ff4 e5 13.Fg3 Tc8 14.Rb1 b5 
15.De2 b4 16.Cd5 Cxd5 17.exd5 Fd7 18.Cd2 Dc7 19.Tc1 Ff5 20.Ra1 Da5 21.f4 
Dxd5 22.Cf1 Fe6 23.Da6 exf4 24.Fxf4 Ff6 25.Ted1 De4 26.Fxd6 Txc2 27.Tb1 
Dxg2 28.Td2 Txd2 29.Cxd2 Dxd2 30.Fxf8 Rxf8 31.Dxa7 g5 32.a3 Rg7 33.Da5 Fa2
0-1

[Event "FIDE GP"]
[Site "Dubai UAE"]
[Date "2002.04.04"]
[Round "2.1"]
[White "Khalifman, Alexander"]
[Black "Topalov, Veselin"]
[Result "0-1"]
[WhiteElo "2688"]
[BlackElo "2739"]
[EventDate "2002.04.03"]

1.d4 Cf6 2.c4 e6 3.Cf3 d5 4.Cc3 Fe7 5.Dc2 c5 6.dxc5 d4 7.Cb5 e5 8.Cxe5 a6 
9.Ca3 O-O 10.g3 Da5+ 11.Fd2 Dxc5 12.Cd3 Dc6 13.Tg1 Ff5 14.Fg2 Dc8 15.c5 
Cbd7 16.c6 Fxa3 17.bxa3 Ce5 18.Cxe5 Fxc2 19.cxb7 De6 20.bxa8=D Txa8 21.
Fxa8 Dxe5 22.Ff4 Da5+ 23.Rf1 g5 24.Fc1 Dc3 25.Rg2 Dc8 26.Fxg5 Dxa8+ 27.f3 
De8 28.Tge1 Cd5 29.Tac1 Da4 30.Rg1 f6 31.Fd2 Rf7 32.Rg2 Cb6 0-1

[Event "FIDE GP"]
[Site "Dubai UAE"]
[Date "2002.04.04"]
[Round "2.2"]
[White "Topalov, Veselin"]
[Black "Khalifman, Alexander"]
[Result "1/2-1/2"]
[WhiteElo "2739"]
[BlackElo "2688"]
[EventDate "2002.04.03"]

1.Cf3 d6 2.d4 Cf6 3.c4 Cbd7 4.Cc3 e5 5.e4 c6 6.Fe2 Fe7 7.O-O a6 8.Dc2 O-O 
9.Td1 Dc7 10.Fg5 Te8 11.Tac1 Cf8 12.h3 Cg6 13.a3 Ch5 14.Fe3 Chf4 15.Ff1 h6
16.dxe5 dxe5 17.Ca4 Fe6 18.Rh2 Tac8 19.g3 Ch5 20.Cc5 Fxc5 21.Fxc5 Tcd8 22.
Db3 b5 23.Txd8 Dxd8 24.Td1 Dc8 25.De3 bxc4 26.Cd2 Td8 27.Tc1 Db8 28.Cxc4 
Fxc4 29.Fxc4 Dxb2 30.Dc3 Dxc3 31.Txc3 Cf6 32.Fd3 Tb8 33.Fb4 Td8 34.Rg2 
1/2-1/2

[Event "FIDE GP"]
[Site "Dubai UAE"]
[Date "2002.04.05"]
[Round "3.1"]
[White "Topalov, Veselin"]
[Black "Leko, Peter"]
[Result "1-0"]
[WhiteElo "2739"]
[BlackElo "2713"]
[EventDate "2002.04.03"]

1.e4 c5 2.Cf3 Cc6 3.Cc3 e6 4.d4 cxd4 5.Cxd4 Cf6 6.Cxc6 bxc6 7.e5 Cd5 8.Ce4
Fb7 9.Fe2 c5 10.O-O Dc7 11.Cd6+ Fxd6 12.exd6 Dc6 13.f3 c4 14.Dd4 O-O 15.
Fxc4 Dxd6 16.Tf2 Db6 17.Dh4 Tac8 18.b3 Ce3 19.Fd3 Cf5 20.Df4 Dd4 21.Dxd4 
Cxd4 22.Fe3 Cc6 23.Fc5 Tfe8 24.Fd6 Ce7 25.Td2 Cf5 26.Fxf5 exf5 27.c4 a6 
28.Rf2 g5 29.h4 f6 30.Fb4 Fc6 31.Td6 Te6 32.Txe6 dxe6 33.hxg5 fxg5 34.Fe7 
h6 35.Td1 Rf7 36.Fd8 Re8 37.Fa5 Re7 38.Th1 Th8 39.Fb4+ Rf6 40.Td1 Tc8 41.
Fa5 f4 42.Fc3+ Rf7 43.Th1 Rg6 44.Te1 Fd7 45.Te5 h5 46.Ta5 Tc6 47.Fb4 Rf6 
48.Fc3+ Rg6 49.Fe5 Fc8 50.c5 Rf5 51.Fd6 Fb7 52.b4 e5 53.a4 Tc8 54.Fxe5 Fd5
55.Fd6 g4 56.c6 Re6 57.Fxf4 gxf3 58.c7 fxg2 59.Txa6+ Rf5 60.Fh2 Rg4 61.Tf6
Rh3 62.Fd6 Tg8 63.Tg6 Te8 64.Tg3+ 1-0

[Event "FIDE GP"]
[Site "Dubai UAE"]
[Date "2002.04.05"]
[Round "3.2"]
[White "Leko, Peter"]
[Black "Topalov, Veselin"]
[Result "1-0"]
[WhiteElo "2713"]
[BlackElo "2739"]
[EventDate "2002.04.03"]

1.e4 e5 2.Cf3 Cf6 3.Cxe5 d6 4.Cf3 Cxe4 5.d4 d5 6.Fd3 Cc6 7.O-O Fe7 8.c4 
Cb4 9.Fe2 Fe6 10.Cc3 O-O 11.Ce5 c5 12.Cxe4 dxe4 13.d5 Fc8 14.a3 Ca6 15.f3 
Fd6 16.f4 f6 17.Cg4 f5 18.Ce5 Cb8 19.b4 Cd7 20.bxc5 Fxc5+ 21.Rh1 Fd6 22.
Fb2 Te8 23.Tb1 De7 24.Db3 b6 25.Fh5 Tf8 26.Dg3 Fb7 27.a4 Tac8 28.a5 Cf6 
29.Fe2 Fc5 30.Dg5 Tce8 31.Fd1 e3 32.Ff3 Ce4 33.Dxe7 Txe7 34.Fxe4 fxe4 35.
g3 b5 36.cxb5 Fxd5 37.Tfc1 Fd6 38.Td1 Fxe5 39.Txd5 Fxb2 40.Txb2 Tc8 41.Rg2
Tec7 42.Rf1 Tc2 43.Txc2 Txc2 44.Td8+ Rf7 45.Td7+ Re6 46.Txa7 Rf5 47.h3 e2+
48.Re1 1-0

[Event "FIDE GP"]
[Site "Dubai UAE"]
[Date "2002.04.07"]
[Round "4.1"]
[White "Karpov, Anatoly"]
[Black "Topalov, Veselin"]
[Result "1/2-1/2"]
[WhiteElo "2693"]
[BlackElo "2739"]
[EventDate "2002.04.03"]

1.d4 Cf6 2.Cf3 e6 3.c4 d5 4.Cc3 Fe7 5.Fg5 h6 6.Fh4 O-O 7.e3 b6 8.Fe2 Fb7 
9.Fxf6 Fxf6 10.cxd5 exd5 11.b4 c5 12.bxc5 bxc5 13.Tb1 Fc6 14.O-O Cd7 15.
Fb5 Dc7 16.Dc2 Tab8 17.dxc5 Fxc3 18.Fxc6 Dxc6 19.Dxc3 Dxc5 20.Dxc5 Cxc5 
21.Cd4 Tfc8 22.Tfc1 Txb1 23.Txb1 Ce6 24.Cf5 Tc2 25.a3 Ta2 26.Ce7+ Rh7 27.
Cxd5 Txa3 28.h4 Ta5 29.e4 f5 30.exf5 Cd4 31.Ce3 Cxf5 1/2-1/2

[Event "FIDE GP"]
[Site "Dubai UAE"]
[Date "2002.04.07"]
[Round "4.2"]
[White "Topalov, Veselin"]
[Black "Karpov, Anatoly"]
[Result "1/2-1/2"]
[WhiteElo "2739"]
[BlackElo "2693"]
[EventDate "2002.04.03"]

1.d4 Cf6 2.c4 e6 3.Cf3 b6 4.g3 Fa6 5.Db3 c6 6.Ff4 d5 7.cxd5 Cxd5 8.Fg5 Fe7
9.Fxe7 Dxe7 10.Cbd2 O-O 11.e4 Cf6 12.Tc1 Tc8 13.e5 Cd5 14.Ce4 Fxf1 15.Rxf1
Cd7 16.Cd6 Tc7 17.Rg2 c5 18.Da4 a6 19.dxc5 Cxc5 20.Dd4 Cb7 21.Cf5 exf5 22.
Dxd5 Td8 23.Db3 b5 24.Thd1 Txd1 25.Txd1 g6 26.Dd5 Rg7 27.h4 Cc5 28.Tc1 Ce6
29.Txc7 Dxc7 30.Cd4 1/2-1/2

[Event "FIDE GP"]
[Site "Dubai UAE"]
[Date "2002.04.08"]
[Round "5.1"]
[White "Bacrot, Etienne"]
[Black "Topalov, Veselin"]
[Result "0-1"]
[WhiteElo "2649"]
[BlackElo "2739"]
[EventDate "2002.04.03"]

1.c4 e5 2.Cc3 Cf6 3.Cf3 Cc6 4.g3 d5 5.cxd5 Cxd5 6.Fg2 Cb6 7.O-O Fe7 8.d3 
O-O 9.a3 Fe6 10.b4 f6 11.Fb2 a5 12.b5 Cd4 13.Cd2 c6 14.bxc6 Cxc6 15.Cb5 a4
16.Tc1 Ta5 17.Cc3 Tf7 18.f4 exf4 19.Txf4 f5 20.Rh1 Fg5 21.Tf1 Fxd2 22.Dxd2
Cc4 23.Dc2 Ce3 24.Dd2 Cxf1 25.Txf1 h6 26.Tf4 Fb3 27.De1 Ce7 28.Df2 Cd5 29.
Dd4 Dd7 30.Cxd5 Fxd5 31.e4 Fc6 32.Dc3 Tb5 0-1

[Event "FIDE GP"]
[Site "Dubai UAE"]
[Date "2002.04.08"]
[Round "5.2"]
[White "Topalov, Veselin"]
[Black "Bacrot, Etienne"]
[Result "1/2-1/2"]
[WhiteElo "2739"]
[BlackElo "2649"]
[EventDate "2002.04.03"]

1.Cf3 d5 2.d4 c6 3.c4 Cf6 4.cxd5 cxd5 5.Cc3 a6 6.Ff4 Cc6 7.Tc1 Ce4 8.e3 
Cxc3 9.bxc3 Ff5 10.Ce5 Cxe5 11.Fxe5 e6 12.Db3 f6 13.Fg3 b5 14.a4 bxa4 15.
Dxa4+ Dd7 16.Ta1 Dxa4 1/2-1/2

[Event "Eurotel Trophy"]
[Site "Prague CZE"]
[Date "2002.04.29"]
[Round "1.1"]
[White "Topalov, Veselin"]
[Black "Milov, Vadim"]
[Result "1-0"]
[WhiteElo "2745"]
[BlackElo "2606"]
[EventDate "2002.04.28"]

1.e4 e6 2.d4 d5 3.Cd2 dxe4 4.Cxe4 Cd7 5.Cf3 Cgf6 6.Cxf6+ Cxf6 7.c3 c5 8.
Ce5 Dc7 9.Fb5+ Fd7 10.Cxd7 Cxd7 11.Fe3 O-O-O 12.O-O Cf6 13.Df3 Fd6 14.g3 
Rb8 15.Tfd1 Cd5 16.dxc5 Fxc5 17.Fxc5 Dxc5 18.Ff1 Dc7 19.c4 Cf6 20.Fg2 h5 
21.c5 Cd5 22.Tac1 h4 23.a3 hxg3 24.hxg3 g5 25.Db3 Ce7 26.Dc3 Cf5 27.c6 
bxc6 28.Df6 Txd1+ 29.Txd1 Tc8 30.Dxg5 Ce7 31.b4 Cd5 32.Tc1 De7 33.De5+ Dc7
34.Dh5 Dd7 35.De5+ Dc7 36.Dd4 Dd7 37.Ff3 Tc7 38.Dh8+ Tc8 39.De5+ Dc7 40.
Dd4 Dd7 41.Rg2 Tc7 42.Th1 Tc8 43.Th7 Te8 44.Fxd5 cxd5 45.Df4+ Dc7 46.Dxf7 
Dxf7 47.Txf7 e5 48.Td7 d4 49.Rf3 e4+ 50.Re2 d3+ 51.Re3 a6 52.f3 Rc8 53.Td4
exf3+ 54.Rxf3 Tf8+ 55.Rg2 Rc7 56.Txd3 Tg8 57.Td5 Rc6 58.Ta5 Rb6 59.Tf5 Td8
60.g4 Td3 61.Tf3 Rb5 62.g5 1-0